Southville International School and Colleges
Your cart is empty.
  • Cart
  • Lists
    Public lists Eva Luna New books Lux_list list_1
    Your lists Log in to create your own lists
  • Log in to your account
  • Your cookies
  • Search history
Southville International School and Colleges
  • Advanced search
  • Recent comments
  • Most popular
  • Libraries

Log in to your account

Log in with GOOGLE


If you do not have an external account, but do have a local account, you can still log in:

  1. Home
  2. MARC view: Intervention guide :
Normal view MARC view ISBD view

Intervention guide : (Record no. 113142)

[ view plain ]
MARC details
000 -LEADER
fixed length control field 00773nam a2200217 a 4500
001 - CONTROL NUMBER
control field 2819
005 - DATE AND TIME OF LATEST TRANSACTION
control field 20140414132004.0
008 - FIXED-LENGTH DATA ELEMENTS--GENERAL INFORMATION
fixed length control field 051021s19uu xx 00 eng d
020 ## - INTERNATIONAL STANDARD BOOK NUMBER
International Standard Book Number 0-02-661039-6
050 ## - LIBRARY OF CONGRESS CALL NUMBER
Classification number TR 372.4
Item number B35 L.4(IG)
100 ## - MAIN ENTRY--PERSONAL NAME
Personal name Roit, Marsha
245 ## - TITLE STATEMENT
Title Intervention guide :
Remainder of title SRA open court reading, L.4 /
Statement of responsibility, etc Roit, Marshall.
260 ## - PUBLICATION, DISTRIBUTION, ETC. (IMPRINT)
Place of publication, distribution, etc Columbus, Ohio :
Name of publisher, distributor, etc SRA/McGraw-Hill,
Date of publication, distribution, etc 2000.
300 ## - PHYSICAL DESCRIPTION
Extent 398 p. ; cm.
440 ## - SERIES STATEMENT/ADDED ENTRY--TITLE
Title SRA open court reading, purple.
500 ## - GENERAL NOTE
General note Unit 1: Risks and consequences-Unit 2: Dreams to job-Unit 3: From Mystery to medicine-Unit 4: Surviving-Unit 5: Communication-Unit 6: Trail of Freedom-Teacher Resources.
526 ## - STUDY PROGRAM INFORMATION NOTE
Reading level Grade 4
650 ## - SUBJECT ADDED ENTRY--TOPICAL TERM
Topical term or geographic name as entry element Reading
General subdivision Study and teaching.
Holdings
Withdrawn status Lost status Damaged status Use restrictions Home library Current library Shelving location Date acquired Source of acquisition Total Checkouts Full call number Barcode Date last seen Price effective from Koha item type
        Munich Library Munich Library Teachers Reference Section 10/21/2005     TR 372.4 B35 L.4(IG) M4636 04/14/2014 04/14/2014 Books
        Munich Library Munich Library Teachers Reference Section 10/21/2005     TR 372.4 B35 L.4(IG) M4640 04/14/2014 04/14/2014 Books

Intervention guide :

APA

Roit M., . (2000). Intervention guide. Columbus, Ohio: SRA/McGraw-Hill.

Chicago

Roit Marsha, . 2000. Intervention guide. Columbus, Ohio: SRA/McGraw-Hill.

Harvard

Roit M., . (2000). Intervention guide. Columbus, Ohio: SRA/McGraw-Hill.

MLA

Roit Marsha, . Intervention guide. Columbus, Ohio: SRA/McGraw-Hill. 2000.

  • Place hold
  • Print
  • Cite
  • Add to your cart (remove)
  • Save record
    BIBTEX Dublin Core MARCXML MARC (non-Unicode/MARC-8) MARC (Unicode/UTF-8) MARC (Unicode/UTF-8, Standard) MODS (XML) RIS
  • More searches
    Search for this title in:
    Other Libraries (WorldCat) Other Databases (Google Scholar) Online Stores (Bookfinder.com) Open Library (openlibrary.org)

Exporting to Dublin Core...

SOUTHVILLE LIBRARY

Southville International School and Colleges Library

1281 Tropical Ave. Cor. Luxembourg St., BF Homes International, Las Pinas City

Tel. No. 8256374 / 252358 Loc. 117/146

Powered by Koha